书目信息 |
| 题名: |
复变函数论 (第三版) 全程导学及习题全解
|
|
| 作者: | 王玉玉 , 王键波 主编 | |
| 分册: | ||
| 出版信息: | 北京 中国时代经济出版社 2008.03 |
|
| 页数: | 233页 | |
| 开本: | 21cm | |
| 丛书名: | ||
| 单 册: | ||
| 中图分类: | O174.5 | |
| 科图分类: | ||
| 主题词: | 复变函数论--fu bian han shu lun--高等学校--教学参考资料 | |
| 电子资源: | ||
| ISBN: | 978-7-80221-524-5 | |
| 000 | 01046nam0 2200265 450 | |
| 001 | 012008896348 | |
| 005 | 20080421145122.09 | |
| 010 | @a978-7-80221-524-5@dCNY10.00 | |
| 100 | @a20080419d2008 em y0chiy0120 ea | |
| 101 | 0 | @achi |
| 102 | @aCN@b110000 | |
| 105 | @aa a 000yy | |
| 106 | @ar | |
| 200 | 1 | @a复变函数论 (第三版) 全程导学及习题全解@Afu bian han shu lun(di san ban)quan cheng dao xue ji xi ti quan jie@f王玉玉, 王键波主编@Fwang yu yu,wang jian bo zhu bian |
| 210 | @a北京@c中国时代经济出版社@d2008.03 | |
| 215 | @a233页@c图@d21cm | |
| 300 | @a21世纪高等院校经典教材同步辅导 | |
| 320 | @a有书目 | |
| 330 | @a全书对每一章进行了系统细致的总结,帮助读者理清整个章节的思路,更好的理解知识点之间的联系,从大局上把握每一章的知识脉络,学后能够很轻松的做到把书本由厚读薄再由薄读厚。 | |
| 606 | 0 | @a复变函数论@Afu bian han shu lun@x高等学校@j教学参考资料 |
| 690 | @aO174.5@v4 | |
| 701 | 0 | @a王玉玉@Awang yu yu@4主编 |
| 701 | 0 | @a王键波@Awang jian bo@4主编 |
| 801 | 0 | @aCN@bQSSK@c20080421 |
| 905 | @b293117-19@dO174.5@eW448@f3 | |
| 复变函数论 (第三版) 全程导学及习题全解/王玉玉, 王键波主编.-北京:中国时代经济出版社,2008.03 |
| 233页:图;21cm |
| 21世纪高等院校经典教材同步辅导 |
| ISBN 978-7-80221-524-5:CNY10.00 |
| 全书对每一章进行了系统细致的总结,帮助读者理清整个章节的思路,更好的理解知识点之间的联系,从大局上把握每一章的知识脉络,学后能够很轻松的做到把书本由厚读薄再由薄读厚。 |
| ● |
| 相关链接 |
|
|
|
正题名:复变函数论 (第三版) 全程导学及习题全解
索取号:O174.5/W448
 
预约/预借
| 序号 | 登录号 | 条形码 | 馆藏地/架位号 | 状态 | 备注 |
| 1 | 293117 | 202931177 | 自科库401/401自科库 44排7列5层/ [索取号:O174.5/W448] | 在馆 | |
| 2 | 293118 | 202931186 | 自科库401/401自科库 44排7列5层/ [索取号:O174.5/W448] | 在馆 | |
| 3 | 293119 | 202931195 | 自科库401/401自科库 44排7列5层/ [索取号:O174.5/W448] | 在馆 |